000 01794nam0a2200373 4500
001 RU\NLR\bibl\90017
005 20250617075114.0
010 _a5-7556-0127-5
_9500
021 _aRU
_b2000-2636
_9130
035 _a(NLR Aleph) 000087957
090 _a492392
_c492392
100 _a20000605d1999 |||y0rusy50 ca
101 0 _arus
102 _aRU
105 _ay |||||||||
200 1 _aЕвразийская социология будущего: экософские основания
_fК.И. Шилин, В.Л. Пирогов, М.М. Тоненкова, С.В. Шефель
_gИн-т социал.-полит. исследований РАН, Киев. гос. лингв. ун-т. Ин-т вост. яз.
210 _aМ.
_cРИЦ ИСПИ РАН
_d1999
215 _a30 с.
_d20
225 1 _aСерия "Живое знание"
300 _aНа обороте тит. л. авт.: Шилин Ким Иванович - д.социол.н., Тоненкова Маргарита Васильевна - доц., к.п.н., Шефель Сергей Викторович - к.ист.н., доц.
320 _aБиблиогр.: с. 28-30
320 _aДр. работы 1-го авт. на обороте тит. л.
606 0 _aЭкософия
_92129545
_3RU\NLR\auth\661284933
686 _aС550.03
701 1 _aШилин
_bК. И.
_gКим Иванович
_4070
701 1 _aПирогов
_bВ. Л.
_gВладимир Леонидович
_4070
701 1 _aТоненкова
_bМ. М.
_gМаргарита Михайловна
_4070
701 1 _aШефель
_bС. В.
_gСергей Викторович
_4070
801 0 _aRU
_bNLR
_c20000605
_gPSBO
801 1 _aRU
_bNLR
_c20000605
852 _aNLR
_j2000-4/2141
942 _cBOOK
980 _aNB